00580nam a22001697a 4500020001800000082001700018100001900035245003400054250001200088260004000100300002400140500002000164650006900184942000700253999001700260952013300277 a9780071333252 a621.8312 PAT aPatranabis, D. aPrinciples of process control a3rd ed. aNew Delhi, IndiabMcGraw Hillc2012 axvi, 493 p.bill. ; aIncludes index. a1. Process control -- Mathematical models. 2. Automatic control cBK c12577d12577 001040708NFICaCLbCLcGENd2013-12-27eAllied Book Companyg842.54l0o621.8312 PATpSEECS013105r2014-01-08w2014-01-08yBK